00342nam a2200121Ia 450000500170000000800410001708200210005810000180007924500330009726000260013030000120015650000520016820250213035936.0240331s9999 xx 000 0 und d bSHA25687a305.4 aShahani, R. G 0aAllan:bHer Infinite Variety aMumbaibSPARROWc2000 a108 p., aA story about a mother written by her daughter.